00350nam a2200121 a 4500008004100000050002200041100002700063245007100090260003300161300001000194350000900204650001500213120416s1961 ||||||||||||||||| || u aB 3313. A43E5 Nie aNietzsche, Friedrich W10aThus spoke Zarathustra: a book for everyone and no one. (1961 ed.) aHarmondsworthbPenguinc1961 a342p. a0.00 aPHILOSOPHY